000 00668nam a22001577a 4500
008 131114b xxu||||| |||| 00| 0 alb d
020 _a9789951506007
041 0 _aalb
_aeng
080 _a340 (496.5)(042.5) STA
245 0 0 _aStatusi pas statusit :
_cForum 2015.
260 _aPrishtinë :
_bForum 2015 ;
_c2007.
300 _a104 f. :
_bme il. ;
_c24 cm.
650 0 _aE drejta
_zKosovë
650 0 _aLegjislacioni
_zKosovë
942 _2udc
_cBK
999 _c319
_d319